00794nam a22002537a 4500003001100000005001700011008004100028020001800069040003900087041000800126082001600134245010300150260004900253300001700302650004100319700002000360700002200380700002200402700002300424700002000447700002100467700002700488700002500515LK-CoMWRAF20240212114250.0231016b2016 |||||||| |||| 00| 0 eng d a9789551770273 aLK-CoMWRAFdLK-CoMWRAFeLK-CoMWRAF aeng a305.42bPAR aParliament's representation of women :ba selective review of Sri Lanka's hansards from 2005-2014  aColombo :bWomen and media collective,c2016 a112 p. 22 cm aWOMEN--Sri Lanka--Social conditions. aHaniffa,Farzana aKodikara, Chulani aKottegoda, Sepali a Nagaraj, Vijay K. aPeiris, Pradeep aSamuel, Kumudini aSurenthiraraj, Esther  aWijewardene, Shermal